Państwa odwiedzone przez Andrzeja Dudę - Statystyki

Ogólne statystyki
  • Ten quiz został rozwiązany 180 razy
    177 od ostatniego zresetowania
  • Średni wynik to 27 z 38
Statystyki odpowiedzi
Ilość odwiedzin Państwo % Poprawnych
9 Stany Zjednoczone
99%
7 Niemcy
97%
3 Ukraina
97%
1 Czechy
93%
3 Francja
93%
5 Słowacja
93%
1 Wielka Brytania
92%
1 Kanada
89%
1 Litwa
89%
5 Węgry
88%
3 Włochy
88%
1 Chiny
87%
1 Szwecja
87%
2 Łotwa
86%
1 Norwegia
86%
2 Estonia
85%
3 Belgia
82%
1 Dania
78%
1 Meksyk
78%
3 Rumunia
78%
3 Szwajcaria
77%
1 Portugalia
76%
1 Słowenia
75%
2 Chorwacja
74%
3 Bułgaria
72%
1 Australia
71%
3 Watykan
69%
1 Korea Południowa
68%
1 Nowa Zelandia
59%
2 Izrael
57%
1 Kazachstan
53%
3 Gruzja
51%
1 Malta
41%
1 Afganistan
24%
1 Jordania
22%
1 Etiopia
18%
1 Tadżykistan
11%
1 Palestyna
8%
Nie znaleziono quizów pasujących do podanych kryteriów
Rozkład punktacji
Procent ludzi z każdym wynikiem
Percentyl według liczby udzielonych odpowiedzi
Twoja historia wyników
Nie rozwiązałeś tego quizu od ostatniego zresetowania